[Event "BdF-Diamant 08 email"]
[Site "GER email"]
[Date "2017.06.26"]
[Round "?"]
[White "Boehnke, Hartmut"]
[Black "Walka, Wolfram"]
[Result "1/2-1/2"]
[WhiteElo "2304"]
[BlackElo "2295"]
[PlyCount "62"]
[EventDate "2017.??.??"]
[EventType "tourn (corr)"]
[EventRounds "10"]
[EventCountry "GER"]
[SourceTitle "Corr 2017"]
[Source "ChessBase"]
[SourceDate "2017.09.19"]
[SourceVersion "1"]
[SourceVersionDate "2017.09.19"]
[SourceQuality "1"]

1. e4 c5 2. Nf3 d6 3. d4 cxd4 4. Nxd4 Nf6 5. Nc3 a6 6. Bg5 e6 7. f4 Qb6 8. Qd2 Qxb2 9. Rb1 Qa3 10. e5 h6 11. Bh4 dxe5 12. fxe5 g5 13. exf6 gxh4 14. Be2 Qa5 15. 0-0 Nd7 16. Kh1 Qg5 17. Rf4 e5 18. Nd5 exd4 19. Qxd4 Kd8 20. Ne7 Qe5 21. Qd2 Bxe7 22. fxe7+ Qxe7 23. Bg4 f5 24. Rxf5 Re8 25. Rd1 Kc7 26. Rf7 Qxf7 27. Qd6+ Kd8 28. Qb6+ Ke7 29. Qd6+ Kd8 30. Qb6+ Ke7 31. Qd6+ Kd8 1/2-1/2

[Event "BdF-Diamant 08 email"]
[Site "GER email"]
[Date "2017.06.26"]
[Round "?"]
[White "Molzahn, Norbert"]
[Black "Walka, Wolfram"]
[Result "1/2-1/2"]
[WhiteElo "2300"]
[BlackElo "2295"]
[PlyCount "68"]
[EventDate "2017.??.??"]
[EventType "tourn (corr)"]
[EventRounds "10"]
[EventCountry "GER"]
[SourceTitle "Corr 2020"]
[Source "ChessBase"]
[SourceDate "2019.09.30"]
[SourceVersion "1"]
[SourceVersionDate "2019.09.30"]
[SourceQuality "1"]

1. d4 d5 2. c4 c6 3. Nf3 Nf6 4. Nc3 dxc4 5. a4 Bf5 6. Ne5 Nbd7 7. Nxc4 Qc7 8. g3 e5 9. dxe5 Nxe5 10. Bf4 Nfd7 11. Bg2 g5 12. Ne3 gxf4 13. Nxf5 0-0-0 14. Qc2 Nc5 15. 0-0 fxg3 16. hxg3 a5 17. Rad1 h5 18. Rxd8+ Qxd8 19. Rd1 Qf6 20. Qd2 Kb8 21. Qf4 Ne6 22. Ne4 Nxf4 23. Nxf6 Ne6 24. Ne4 Kc7 25. e3 Ng7 26. Bh3 Ng4 27. Nd4 Be7 28. Kf1 f5 29. Nd2 Bf6 30. N2f3 Re8 31. Ke2 Kb6 32. Rb1 Kc5 33. Rc1+ Kb6 34. Rc2 Re7 1/2-1/2

[Event "BdF-Diamant 08 email"]
[Site "GER email"]
[Date "2017.06.26"]
[Round "?"]
[White "Sheretyuk, Oksana"]
[Black "Walka, Wolfram"]
[Result "1/2-1/2"]
[WhiteElo "2307"]
[BlackElo "2295"]
[PlyCount "39"]
[EventDate "2017.??.??"]
[EventType "tourn (corr)"]
[EventRounds "10"]
[EventCountry "GER"]
[SourceTitle "Corr 2020"]
[Source "ChessBase"]
[SourceDate "2019.09.30"]
[SourceVersion "1"]
[SourceVersionDate "2019.09.30"]
[SourceQuality "1"]

1. e4 c5 2. Nf3 d6 3. d4 cxd4 4. Nxd4 Nf6 5. Nc3 a6 6. f3 e5 7. Nb3 Be6 8. Be3 h5 9. Qd2 Nbd7 10. Nd5 Bxd5 11. exd5 g6 12. Be2 Bg7 13. 0-0 b6 14. c4 0-0 15. Rae1 Re8 16. Bf2 Qc7 17. Bd3 Rab8 18. Kh1 Kh7 19. Be3 Kg8 20. Bf2 1/2-1/2

[Event "BdF-Diamant 08 email"]
[Site "GER email"]
[Date "2017.06.26"]
[Round "?"]
[White "Walka, Wolfram"]
[Black "Sherwood, Helen"]
[Result "1/2-1/2"]
[WhiteElo "2295"]
[BlackElo "2352"]
[PlyCount "63"]
[EventDate "2017.??.??"]
[EventType "tourn (corr)"]
[EventRounds "10"]
[EventCountry "GER"]
[SourceTitle "Corr 2024"]
[Source "ChessBase"]
[SourceDate "2023.10.19"]
[SourceVersion "1"]
[SourceVersionDate "2023.10.19"]
[SourceQuality "1"]

1. e4 c5 2. Nf3 d6 3. d4 cxd4 4. Nxd4 Nf6 5. Nc3 a6 6. Bg5 e6 7. f4 Nbd7 8. Qf3 Qc7 9. 0-0-0 b5 10. Bd3 Bb7 11. Rhe1 Be7 12. Qg3 b4 13. Nd5 exd5 14. exd5 Kd8 15. Nc6+ Bxc6 16. dxc6 Nc5 17. Bh4 Rg8 18. Bf5 a5 19. Qe3 Ne6 20. Bh3 Re8 21. f5 Nf8 22. g4 Qxc6 23. g5 Kc7 24. Qd4 N6d7 25. Qxg7 a4 26. Kb1 Ra5 27. f6 b3 28. cxb3 axb3 29. Rc1 bxa2+ 30. Ka1 Rc5 31. Rxc5 Nxc5 32. Rxe7+ 1/2-1/2

[Event "BdF-Diamant 08 email"]
[Site "GER email"]
[Date "2017.06.26"]
[Round "?"]
[White "Williamson, Dawn L"]
[Black "Walka, Wolfram"]
[Result "1/2-1/2"]
[WhiteElo "2373"]
[BlackElo "2295"]
[PlyCount "62"]
[EventDate "2017.??.??"]
[EventType "tourn (corr)"]
[EventRounds "10"]
[EventCountry "GER"]
[SourceTitle "Corr 2020"]
[Source "ChessBase"]
[SourceDate "2019.09.30"]
[SourceVersion "1"]
[SourceVersionDate "2019.09.30"]
[SourceQuality "1"]

1. d4 d5 2. c4 c6 3. Nf3 Nf6 4. Nc3 dxc4 5. a4 Bf5 6. Ne5 Nbd7 7. Nxc4 Qc7 8. g3 e5 9. dxe5 Nxe5 10. Bf4 Nfd7 11. Bg2 g5 12. Ne3 gxf4 13. Nxf5 0-0-0 14. Qc2 Nc5 15. 0-0 fxg3 16. hxg3 a5 17. Rfd1 h5 18. Rxd8+ Qxd8 19. Rb1 Ng6 20. Rd1 Qf6 21. e3 Kb8 22. f4 Rg8 23. Nd4 Ne7 24. Nce2 Nd5 25. Bxd5 cxd5 26. Qf5 Qxf5 27. Nxf5 Nxa4 28. Ra1 Nxb2 29. Rxa5 b6 30. Rxd5 Bc5 31. Kf2 Re8 1/2-1/2

[Event "GER MS-251 email"]
[Site "GER email"]
[Date "2016.12.01"]
[Round "?"]
[White "Egner, Michael"]
[Black "Walka, Wolfram"]
[Result "1/2-1/2"]
[WhiteElo "2059"]
[BlackElo "2090"]
[PlyCount "98"]
[EventDate "2016.12.05"]
[EventType "tourn (corr)"]
[EventRounds "6"]
[EventCountry "GER"]
[SourceTitle "Corr 2020"]
[Source "ChessBase"]
[SourceDate "2019.09.30"]
[SourceVersion "1"]
[SourceVersionDate "2019.09.30"]
[SourceQuality "1"]

1. e4 c5 2. Nf3 d6 3. d4 cxd4 4. Nxd4 Nf6 5. Nc3 a6 6. h3 e5 7. Nde2 h5 8. g3 Be6 9. Bg2 b5 10. 0-0 Nbd7 11. a4 b4 12. Nd5 Nxd5 13. exd5 Bf5 14. Bd2 Rb8 15. Qe1 Be7 16. Bxb4 Nf6 17. c3 Qd7 18. Kh2 a5 19. Ba3 Bd3 20. Qd2 Bc4 21. Rfd1 0-0 22. Nc1 Qf5 23. Nd3 Bxd5 24. Bxd5 Nxd5 25. Ne1 Nb6 26. b3 Nd7 27. b4 Nb6 28. bxa5 Nc4 29. Qe2 d5 30. Bb4 Bxb4 31. cxb4 Rxb4 32. Nd3 Rbb8 33. Rab1 d4 34. Rxb8 Rxb8 35. Rc1 e4 36. Rxc4 exd3 37. Qd2 Qe4 38. a6 Ra8 39. Qf4 Qxf4 40. gxf4 d2 41. Rxd4 Rxa6 42. Rxd2 Rxa4 43. Kg3 g6 44. Rd5 Kg7 45. Rc5 Ra6 46. h4 f5 47. Rc3 Kf6 48. Rb3 Rc6 49. Ra3 Rd6 1/2-1/2

[Event "GER MS-251 email"]
[Site "GER email"]
[Date "2016.12.01"]
[Round "?"]
[White "Lenaif, Sven Peter"]
[Black "Walka, Wolfram"]
[Result "1/2-1/2"]
[WhiteElo "2047"]
[BlackElo "2090"]
[PlyCount "59"]
[EventDate "2016.12.05"]
[EventType "tourn (corr)"]
[EventRounds "6"]
[EventCountry "GER"]
[SourceTitle "Corr 2020"]
[Source "ChessBase"]
[SourceDate "2019.09.30"]
[SourceVersion "1"]
[SourceVersionDate "2019.09.30"]
[SourceQuality "1"]

1. e4 c5 2. Nf3 d6 3. d4 cxd4 4. Nxd4 Nf6 5. Nc3 a6 6. Be3 Ng4 7. Bc1 Nf6 8. Be3 Ng4 9. Bg5 h6 10. Bh4 g5 11. Bg3 Bg7 12. h3 Ne5 13. Nf5 Bxf5 14. exf5 Nbc6 15. Nd5 e6 16. fxe6 fxe6 17. Ne3 Qa5+ 18. c3 Nf3+ 19. Qxf3 Bxc3+ 20. Kd1 Qa4+ 21. Nc2 Bxb2 22. Rc1 Rc8 23. Bd3 Rf8 24. Qh5+ Ke7 25. Qxh6 Bxc1 26. Kxc1 Nb4 27. Qxg5+ Rf6 28. Qg7+ Ke8 29. Qg8+ Kd7 30. Qh7+ 1/2-1/2

[Event "GER MS-251 email"]
[Site "GER email"]
[Date "2016.12.01"]
[Round "?"]
[White "Walka, Wolfram"]
[Black "Hoffmann, Heiko"]
[Result "1-0"]
[WhiteElo "2090"]
[BlackElo "1901"]
[PlyCount "79"]
[EventDate "2016.12.05"]
[EventType "tourn (corr)"]
[EventRounds "6"]
[EventCountry "GER"]
[SourceTitle "Corr 2020"]
[Source "ChessBase"]
[SourceDate "2019.09.30"]
[SourceVersion "1"]
[SourceVersionDate "2019.09.30"]
[SourceQuality "1"]

1. e4 c5 2. Nf3 d6 3. d4 cxd4 4. Nxd4 Nf6 5. Nc3 g6 6. Be3 Bg7 7. f3 0-0 8. Qd2 Nc6 9. Bc4 Bd7 10. 0-0-0 Rc8 11. Bb3 Ne5 12. Kb1 Nc4 13. Bxc4 Rxc4 14. g4 b5 15. b3 Rc8 16. Ndxb5 Qa5 17. a4 a6 18. Nd5 Qd8 19. Bb6 Qe8 20. Nxf6+ Bxf6 21. Nc7 Rxc7 22. Bxc7 Bxa4 23. g5 Bg7 24. Bb6 Qb8 25. Bd4 Bxd4 26. Qxd4 Bxb3 27. cxb3 Qxb3+ 28. Qb2 Qxf3 29. Rhe1 Qg4 30. Rd5 Rc8 31. Re2 Rc4 32. Qd2 h6 33. gxh6 Rxe4 34. Rxe4 Qxe4+ 35. Kb2 Kh7 36. Rd3 Qe5+ 37. Qc3 Qb5+ 38. Ka3 f6 39. Re3 Qd7 40. Qc4 1-0